000 00490nam a2200205Ia 4500
003 OSt
005 20251205123547.0
008 250729s2005 xx 000 0 und d
020 _a9788183560252
040 _cAL
041 _aeng
082 _a370 RAOI
100 _aRao Bhaskara Digumarti
_9225832
245 _aIssues in school education
260 _aNew Delhi
_c2005
300 _a270p
650 _aEducation
_9225833
700 _aRao Digumurthi
_9225834
942 _2ddc
_cBED
999 _c237090
_d237090